Происхождение языка. Факты, исследования, гипотезы

Xehetasun bibliografikoak
Egile nagusia: Бурлак С. Светлана
Gaia:В книге собраны и обобщены в единую картину данные лингвистики, нейрофизиологии, когнитивной науки, антропологии, археологии, этологии, генетики и других наук, так или иначе проливающие свет на происхождение языка. Строгость научного подхода к фактам, чёткость формулировок сочетаются с доступностью изложения, что делает книгу интересной для широкого круга читателей.
Hizkuntza:errusiera
Argitaratua: Москва, Астрель, 2011
Gaiak:
Formatua: MixedMaterials Liburua
KOHA link:https://koha.lib.tpu.ru/cgi-bin/koha/opac-detail.pl?biblionumber=205931

MARC

LEADER 00000nam0a2200000 4500
001 205931
005 20231101225319.0
010 |a 9785271312052 
035 |a (RuTPU)RU\TPU\book\224468 
090 |a 205931 
100 |a 20111221d2011 k y0rusy50 ca 
101 0 |a rus 
102 |a RU 
105 |a a z 001zy 
200 1 |a Происхождение языка. Факты, исследования, гипотезы  |f С. Бурлак 
210 |a Москва  |c Астрель  |d 2011 
215 |a 464 с.  |c ил. 
320 |a Библиогр.: с. 382-426. 
320 |a Именной указатель: с. 427-436. 
330 |a В книге собраны и обобщены в единую картину данные лингвистики, нейрофизиологии, когнитивной науки, антропологии, археологии, этологии, генетики и других наук, так или иначе проливающие свет на происхождение языка. Строгость научного подхода к фактам, чёткость формулировок сочетаются с доступностью изложения, что делает книгу интересной для широкого круга читателей. 
606 1 |a Языки  |x Происхождение  |2 stltpush  |3 (RuTPU)RU\TPU\subj\71253  |9 85232 
610 1 |a языкознание 
610 1 |a история 
610 1 |a человек 
610 1 |a животные 
610 1 |a австралопитеки 
610 1 |a коммуникации 
610 1 |a гипотезы 
686 |a Ш100  |v LBC/SL-A  |2 rubbk 
700 1 |a Бурлак  |b С.  |g Светлана 
801 1 |a RU  |b 63413507  |c 20111221 
801 2 |a RU  |b 63413507  |c 20120207  |g RCR 
942 |c BK